000 00538nam a2200229Ia 4500
003 OSt
005 20220924145452.0
006 a|||||r|||| 00| 0
007 ta
008 PER
024 _a328873
037 _cTextual
040 _aARTS
_cARTS
_bPER
041 _2PER
_aPER
082 _aO168,1w2,L9, 164F9
100 _aAbdul Haq Au.
_91299
245 0 _aMakhzan-e-nikat
260 _c1929
650 _aURDU POETRY
942 _hO168,1w2,L9, 164F9
_cTEXL
_2CC
999 _c460213
_d460213